000 00633nam a2200205Ia 4500
005 20250508160938.0
008 008 250505s9999 xx 000 0 eng d
037 _aTextBook
040 _aFEDL
_beng
_cFEDL
041 _aeng
_2eng
084 _a371.147202, HYM
_qFEDL
100 _aHyman Ronald T
245 0 _aSchool administrator's handbook of teacher supervision and evaluation methods
260 _aNew Jersey, USA
_bPrentice-Hall
_c1975
300 _ax,225p
365 _aINR
_b145.5
650 _aEducation; School Administration
_9765232
942 _cTB
_h371.147202, HYM
999 _c1367547
_d1367547